| 000 | 00486nam a2200169 4500 | ||
|---|---|---|---|
| 001 | 108484 | ||
| 003 | ES-MaACL | ||
| 005 | 20231214201620.0 | ||
| 007 | t| | ||
| 008 | 061121s1940 sp r ||||1| spa d | ||
| 100 | 1 |
_aMontes, Eugenio, _d1897-1982 _9227206 |
|
| 245 | 1 | 3 |
_aEl viajero y su sombra / _cEugenio Montes. |
| 260 |
_aMadrid : _b[s.n.], _c1940 ( _fGráf. Universal) |
||
| 300 |
_a293 p. ; _c19 cm. |
||
| 852 |
_aES-MaACL _jA-5151 _bR.18115 |
||
| 999 |
_c108484 _d108484 |
||